Number Trivia Quiz Stats

 Plays Quiz not verified by Sporcle

Score 0/25 Timer 06:00
0 Plays Today
% Correct
Eleven
97%
One
95.6%
Sixteen
92.8%
Five
91.8%
Thirteen
91.4%
Two
90%
Ten
89.6%
Eighteen
89.6%
Three
89.1%
Fourteen
88.7%
Twenty-four
88.2%
Twelve
88.1%
Eight
88%
% Correct
Twenty-two
87.7%
Seven
87.3%
Four
86.3%
Seventeen
85.3%
Nineteen
83.1%
Twenty-three
82.9%
Fifteen
82.2%
Six
82%
Nine
81.3%
Twenty
78.6%
Twenty-one
74.8%
Merry Christmas! Twenty-five
74%

You're not logged in!

Compare scores with friends on all Sporcle quizzes.
OR
Log In

Show Comments

Extras

Top Quizzes Today


Score Distribution

Your Account Isn't Verified!

In order to create a playlist on Sporcle, you need to verify the email address you used during registration. Go to your Sporcle Settings to finish the process.

Report this User

Report this user for behavior that violates our Community Guidelines.

Details: